Brighton & Hove Albion Current Squad (24/25) - Statistics

General Stats
  • This quiz has been taken 8 times
    6 since last reset
  • The average score is 10 of 29
Answer Stats
Answer % Correct
Bart Verbruggen
100%
Jason Steele
60%
Adam Webster
40%
Brajan Gruda
40%
Carlos Baleba
40%
Danny Welbeck
40%
Fabian Hürzeler
40%
Ferdi Kadıoğlu
40%
Igor
40%
Jack Hinshelwood
40%
James Milner
40%
Jan Paul van Hecke
40%
João Pedro
40%
Kaoru Mitoma
40%
Lewıs Dunk
40%
Pervis Estupiñán
40%
Solly March
40%
Tom McGill
40%
Yankuba Minteh
40%
Yasin Ayari
40%
Georginio Rutter
20%
Joël Veltman
20%
Mats Wieffer
20%
Matt O'Riley
20%
Simon Adingra
20%
Tariq Lamptey
20%
Carl Rushworth
0%
Diego Gómez
0%
Eiran Cashin
0%
No matching quizzes found
Score Distribution
Percent of People with Each Score
Percentile by Number Answered
Your Score History
You have not taken this quiz since the last reset